zpět

Detail výsledku týmu

The PUB Praha 6 , Praha

Datum a čas kvízu

24.5 Celkem bodů Celkový počet nahraných bodů na tomto kvízu bez doplňovacích otázek.
11. Pořadí na kvízu Konečné umístění týmu na tomto kvízu.

Zaznamenané odpovědi

# Otázka Odpověď Body Výsledky
1. Ministerstvo vnitra připustilo... Denisa Rohanová 0
2. Zaměstnanec letiště Johna F. K... C) živá kočka 1
3. Jistá česká herečka má oficiál... Simona Stašová 0
4. V pondělí, po pěti dnech letu,... Orion 0
5. V jednom z pátečních zápasů pr... Walesu 1
6. V následujících pěti otázkách... bar, torr, atmosféra / pascal 1
7. Která z následujících jednotek... B 1
8. Na lidské tělo, jehož odpor je... 300 V 1
9. Přiřaďte tyto jednotky k přísl... 1B 2A 3D 4C 1
10. Uzel je jednotka rychlosti pou... B 0